لورد جيم / (رقم التسجيلة. 117507)

تفاصيل مارك
000 -LEADER
fixed length control field 00669nam a22002177a 4500
005 - DATE AND TIME OF LATEST TRANSACTION
control field 20251108174751.0
008 - FIXED-LENGTH DATA ELEMENTS--GENERAL INFORMATION
fixed length control field 250721s2009 xx 000 0 ara d
082 14 - DEWEY DECIMAL CLASSIFICATION NUMBER
Classification number ق/كون
100 1# - MAIN ENTRY--PERSONAL NAME
Personal name كونراد، جوزيف
Relator term مؤلف
245 10 - TITLE STATEMENT
Title لورد جيم /
264 1# - PRODUCTION, PUBLICATION, DISTRIBUTION, MANUFACTURE, AND COPYRIGHT NOTICE
Place of production, publication, distribution, manufacture عمان :
Name of producer, publisher, distributor, manufacturer الأهلية للنشر و التوزيع،
Date of production, publication, distribution, manufacture, or copyright notice 2009.
300 ## - PHYSICAL DESCRIPTION
Extent 223ص.
490 0# - SERIES STATEMENT
Series statement روائع القصص العالمية world best sellers series
650 17 - SUBJECT ADDED ENTRY--TOPICAL TERM
Topical term or geographic name as entry element الادب المترجم
650 17 - SUBJECT ADDED ENTRY--TOPICAL TERM
Topical term or geographic name as entry element القصص
650 17 - SUBJECT ADDED ENTRY--TOPICAL TERM
Topical term or geographic name as entry element fiction
700 1# - ADDED ENTRY--PERSONAL NAME
Personal name جونستون، فرانسيس
700 1# - ADDED ENTRY--PERSONAL NAME
Personal name نصار، سمير عزت
942 ## - ADDED ENTRY ELEMENTS (KOHA)
Source of classification or shelving scheme Dewey Decimal Classification
Koha item type كتب
المقتنيات
حالة السحب حالة الفقدان مصدر التصنيف حالة التلف غير قابل للإعارة المكتبة الرئيسية المكتبة الحالية موقع الرف تاريخ التزويد الرقم المتسلسل Total Checkouts رقم الإستدعاء الباركود تاريخ آخر ظهور تاريخ الفاتورة نوع المادة (كوها)
    Dewey Decimal Classification     مكتبة أبو علندا العامة مكتبة أبو علندا العامة الإعارة 09/08/2009 1310212   ق/كون PLD00105062 28/07/2025 09/08/2009 كتب
    Dewey Decimal Classification     مكتبة الأميرة ايمان العامة مكتبة الأميرة ايمان العامة الإعارة 09/08/2009 1310213   ق/كون PLD00105063 28/07/2025 09/08/2009 كتب
    Dewey Decimal Classification     مكتبة وادي السير العامة مكتبة وادي السير العامة الإعارة 09/08/2009 1310217   ق/كون PLD00105067 28/07/2025 09/08/2009 كتب
    Dewey Decimal Classification     مكتبة ومركز فرح مكتبة ومركز فرح الإعارة 09/08/2009 1310220   ق/كون PLD00105070 28/07/2025 09/08/2009 كتب
Implemented & Customized by: BBB with SCIT (Smart Chains for Information Technology)

Powered by Koha